| 000 | 00668nam a22002177a 4500 | ||
|---|---|---|---|
| 005 | 20230209074701.0 | ||
| 008 | 230206b |||||||| |||| 00| 0 eng d | ||
| 020 |
_a9780750656474 _qPaperback |
||
| 040 |
_aCBULib _cCBULib |
||
| 041 | _aeng | ||
| 050 | _aRA 781.4 Pat | ||
| 100 | _aPaterson, Jane | ||
| 245 |
_aTeaching pilates for postural faults illness & injury : a practical guide _cby Jane Paterson |
||
| 260 |
_bElsevier _c2009 _aOxford |
||
| 300 |
_axv, 266 pages : _billustrations |
||
| 600 | _aPATERSON, JANE | ||
| 650 |
_2OCLC _aHEALTH AND FITNESS |
||
| 650 |
_2OCLC _aEXERCISE MOVEMENT TECHNIQUES |
||
| 650 |
_2OCLC _aPILATES METHODS |
||
| 942 | _c002 | ||
| 999 |
_c64061 _d64061 |
||